000 00591nam a2200241Ia 4500
003 OSt
005 20220924121904.0
006 a|||||r|||| 00| 0
007 ta
008 220923b |||||||| |||| 00| 0 ben d
024 _a293940
037 _cTextual
040 _aARTS
_cARTS
_bben
041 _2ben
_aben
082 _aO157,2M61,27, K0
100 _aThakur
_9154826
245 0 _aChitrangada
260 _aKolkata
_c1960
300 _a69p.
_ccm.
650 _aBENGALI LITERATURE
942 _hO157,2M61,27, K0
_cTEXL
_2CC
999 _c409427
_d409427